LEADER 01284nam--2200409---450- 001 990003474740203316 005 20101206122116.0 035 $a000347474 035 $aUSA01000347474 035 $a(ALEPH)000347474USA01 035 $a000347474 100 $a20101206d1979----km-y0itay50------ba 101 $aita 102 $aIT 105 $a||||||||001yy 200 1 $aSviluppo industriale e lotte operaie in Puglia$egli anni del centro-sinistra (1963-1969)$fOrnella Bianchi$gprefazione di Adolfo Pepe 210 $aRoma$cBulzoni$d1979 215 $a278 p.$d21 cm 225 2 $aStoria e documenti$v2 410 0$12001$aStoria e documenti 454 1$12001 461 1$1001-------$12001 606 $aMovimento operaio$yPuglia$z1963-1969 606 $aPuglia$xIndustrializzazione$z1963-1969 676 $a331.8094575 700 1$aBIANCHI,$bOrnella$0248962 801 0$aIT$bsalbc$gISBD 912 $a990003474740203316 951 $aVI.4.B.74$b1500 DSLL 959 $aBK 969 $aDSLL 979 $aDSLL$b90$c20101206$lUSA01$h1211 979 $aDSLL$b90$c20101206$lUSA01$h1215 979 $aDSLL$b90$c20101206$lUSA01$h1218 979 $aDSLL$b90$c20101206$lUSA01$h1221 996 $aSviluppo industriale e lotte operaie in Puglia$9298416 997 $aUNISA LEADER 01555nam2 22003013i 450 001 SUN0074876 005 20180702103138.850 010 $a978-08-911881-0-0$d0.00 100 $a20100330d1994 |0engc50 ba 101 $aeng 102 $aUS 105 $a|||| ||||| 200 1 $a2: *Microbiological and biochemical properties$feditorial committee, R. W. Weaver, chair ... [et al.] 210 $aMadison$cSoil science society of America$d1994 215 $aXXVII, 1121 p.$cill.$d24 cm. 461 1$1001SUN0017941$12001 $a*Methods of soil analysis$v2$1210 $aMadison$cSoil science society of America$1215 $avolumi$d24 cm. 620 $dMadison$3SUNL000130 676 $a631.46$cBiologia del suolo$v22 702 1$aWeaver$b, Richard W.$3SUNV061472 712 $aSoil science society of America$3SUNV000489$4650 790 1$aWeaver, R. W.$zWeaver, Richard W.$3SUNV101065 801 $aIT$bSOL$c20200525$gRICA 899 $aUFFICIO DI BIBLIOTECA DEL DIPARTIMENTO DI SCIENZE E TECNOLOGIE AMBIENTALI BIOLOGICHE E FARMACEUTICHE$1IT-CE0101$2SUN17 912 $aSUN0074876 950 $aUFFICIO DI BIBLIOTECA DEL DIPARTIMENTO DI SCIENZE E TECNOLOGIE AMBIENTALI BIOLOGICHE E FARMACEUTICHE$e17FMF4223 20181211 $sSmarrito 950 $aUFFICIO DI BIBLIOTECA DEL DIPARTIMENTO DI SCIENZE E TECNOLOGIE AMBIENTALI BIOLOGICHE E FARMACEUTICHE$d17CONS Mc46 $e17BIB801 20100330 $sBuono 996 $aMicrobiological and biochemical properties$91435545 997 $aUNICAMPANIA LEADER 00784nam0-22003011i-450 001 990001704230403321 005 20201210124026.0 010 $a88-206-1584-3 035 $a000170423 035 $aFED01000170423 035 $a(Aleph)000170423FED01 035 $a000170423 100 $a20030910d1979----km-y0itay50------ba 101 0 $aita 200 1 $a<>mandorlo$fFrancesco Monastra 210 $aBologna$cEdagricole$d1979 215 $aVI, 78 p.$d21 cm 225 1 $aFrutticoltura moderna$v3 610 0 $aMandorle 676 $a634.55 700 1$aMonastra,$bFrancesco$073022 801 0$aIT$bUNINA$gRICA$2UNIMARC 901 $aBK 912 $a990001704230403321 952 $a60 634 B 108/2$b394$fFAGBC 959 $aFAGBC 996 $aMandorlo$974340 997 $aUNINA